| 000 | 00698nam a2200277Ia 4500 | ||
|---|---|---|---|
| 008 | 210210b2011 xxu||||| |||| 00| 0 eng d | ||
| 020 | _a9788184654219 | ||
| 041 | _aeng | ||
| 082 | _a331.1 LUKI | ||
| 100 | _aLUKAS (Berin) | ||
| 245 |
_aInvisible servitude _bA study of domestic workers in Bangalore |
||
| 260 |
_aBangalore _bDepartment of Sociology, St. Josephs College _c2011 |
||
| 300 | _axi,136 | ||
| 650 | _aworkers | ||
| 650 | _astudy | ||
| 650 | _aservitude | ||
| 650 | _aof | ||
| 650 | _aInvisible | ||
| 650 | _ain | ||
| 650 | _adomestic | ||
| 650 | _aBangalore | ||
| 650 | _aA | ||
| 690 | _aLabour Economics | ||
| 700 | _aBANDYOPADHYAY (Sucharita) | ||
| 906 | _a066833 | ||
| 999 |
_c149286 _d149286 |
||